01151nab a22002177a 4500999001500000003000400015005001700019008004100036040000700077100003300084245014100117300001300258505033900271505007200610650002800682650003500710650003300745650003800778773010400816942001300920 c5768d5768OSt20260105212440.0190514b xxu||||| |||| 00| 0 spa d cPJ 96683aSilva, Sabrina Anabel 13aEl ejercicio de la responsabilidad parental online :badolescentes influencers en el Código Civil y Comercial /cSabrina Anabel Silva. ap. 18-26 aSumario: I. Palabras introductorias.— II. Primero lo primero: autonomía progresiva y protección especial.— III. Los contratos por servicios del hijx y la capacidad laboral de lxs adolescentes en el Cód. Civ. y Com.— IV. Las actividades lucrativas de lxs NA en línea. Retos del sistema vigente.— V. Reflexiones finales. tSi te interesa el texto, comunicate a koha@justierradelfuego.gov.ar 09967aDERECHO DE FAMILIA 091497aCODIGO CIVIL Y COMERCIAL 094691aAUTONOMÍA PROGRESIVA 0aTECNOLOGIA DE LA INFORMACION92890 0284493222dBuenos Aires : AbeledoPerrot, 1989-tDerecho de familia. N° 113 - Marzo 2024z18511201 2udccANA